000 00452nam a2200181Ia 4500
001 13572
005 20260306164811.0
008 260306t2005||||xx |||||||||||||| ||spa||
041 _aESP
082 _a004.678
_bI53
100 _aDíaz, María Paloma (coord.)
_eAUT
245 0 _aIngeniería de la web y patrones de diseño
260 _c2005
300 _a412 páginas :
_c240 p.
650 _aGEN
654 _aCCC
942 _cLIB
_dJUS
_fJUS
_2ddc
_n
999 _c13572
_d13572